Les pays et le train - Statistiques

Statistiques générales
  • Ce quiz a été pris 199 fois
    107 depuis la dernière actualisation
  • Le résultat moyen est 15 sur 30
Statistiques - réponses
Longueur du réseau Pays % Correct
29 000 France
95%
180 000 Chine
90%
293 500 Etats-Unis
89%
33 500 Allemagne
87%
85 500 Russie
83%
78 000 Canada
82%
68 500 Inde
78%
37 000 Australie
76%
30 000 Brésil
74%
0.250 Vatican
70%
2 Monaco
68%
0 Andorre
64%
37 000 Argentine
56%
0 Malte
40%
0 Qatar
37%
39 Singapour
37%
0 Chypre
36%
13 Brunei
34%
3 Lesotho
34%
0 Islande
33%
5 Nauru
33%
0 Bhoutan
31%
40 Haïti
30%
0 Timor oriental
30%
0 Rwanda
28%
77 Antigua-et-Barbuda
26%
0 Papouasie-Nouvelle-Guinée
22%
14 Laos
21%
0 Libye
18%
6 Nicaragua
9%
Aucun quiz correspondant
Distribution des résultats
% des personnes avec chaque résultat
Percentile par nombre de réponses
Votre historique - résultats
Vous n’avez pas pris ce quiz depuis la dernière actualisation